Countries with most neighbours, almost-neighbours and almost-almost-neighbours - Statistics

General Stats
  • This quiz has been taken 88 times
  • The average score is 14 of 18
Answer Stats
# Country % Correct
44 China
97%
56 Russia
97%
51 Germany
95%
44 France
92%
47 Turkey
90%
49 Iran
87%
43 Kazakhstan
87%
55 Ukraine
83%
56 Poland
81%
49 Belarus
77%
42 Afghanistan
76%
42 Mongolia
74%
42 Pakistan
74%
43 Hungary
67%
50 Georgia
63%
50 Azerbaijan
60%
45 Lithuania
44%
42 North Korea
42%
No matching quizzes found
Score Distribution
Percent of People with Each Score
Percentile by Number Answered
Your Score History
You have not taken this quiz